Japanese postage stamps / (Record no. 134549)

MARC details
000 -LEADER
campo de control de longitud fija 00629nam a2200217 i 4500
001 - NÚMERO DE CONTROL
campo de control 134549
003 - IDENTIFICADOR DE NÚMERO DE CONTROL
campo de control ES-MaACL
005 - FECHA Y HORA DE LA ÚLTIMA TRANSACCIÓN
campo de control 20230906194710.0
007 - CAMPO FIJO DE DESCRIPCIÓN FÍSICA--INFORMACIÓN GENERAL
campo de control de longitud fija t|
008 - DATOS DE LONGITUD FIJA--INFORMACIÓN GENERAL
campo de control de longitud fija 070911s1950 ja ||||1| eng d
100 1# - ENTRADA PRINCIPAL--NOMBRE DE PERSONA
Nombre de persona Yamamoto, Yokichi.
9 (RLIN) 117544
245 10 - MENCIÓN DEL TÍTULO
Título Japanese postage stamps /
Mención de responsabilidad, etc. by Yokichi Yamamoto.
250 ## - MENCION DE EDICION
Mención de edición 2nd. ed.
260 ## - PUBLICACIÓN, DISTRIBUCIÓN, ETC.
Lugar de publicación, distribución, etc. [Tokyo] :
Nombre del editor, distribuidor, etc. Japan Travel Bureau,
Fecha de publicación, distribución, etc. 1950.
300 ## - DESCRIPCIÓN FÍSICA
Extensión 323 p. :
Otras características físicas il. ;
Dimensiones 19 cm.
490 1# - MENCIÓN DE SERIE
Mención de serie Tourist Library ;
Designación de volumen o secuencia 12
650 00 - PUNTO DE ACCESO ADICIONAL DE MATERIA--TÉRMINO DE MATERIA
Término de materia o nombre geográfico como elemento de entrada Sellos de correos-
Subdivisión geográfica Japón.
9 (RLIN) 171988
830 1# - PUNTO DE ACCESO ADICIONAL DE SERIE-TÍTULO UNIFORME
Título uniforme Tourist Library ;
Designación de volumen o secuencia 12
9 (RLIN) 184006
852 ## - LOCALIZACIÓN
Ubicación ES-MaACL
Número de control de estantería C-12298
Holdings
Estatus retirado Estado de pérdida Estado de daño No para préstamo Biblioteca de origen Biblioteca actual Ubicación en estantería Fecha de adquisición Fuente de adquisición Total de préstamos Signatura topográfica completa Código de barras Visto por última vez Precio de reemplazo Tipo de ítem Koha
        Biblioteca del Ateneo de Madrid Biblioteca del Ateneo de Madrid Sala Palomar 17/01/2008     C-12298 1140048 23/02/2023 23/02/2023 Libro impreso